000
00331nam a22001337a 4500
008
180226b xxu||||| |||| 00| 0 eng d
020
_a
9780226816258
041
_a
eng
080
_a
37
100
_a
25
101
_a
EDU
245
_a
A manual for writers of term papers, theses and dissertatons
_c
Turabian,K.L
942
_2
udc
_c
BK
999
_c
43478
_d
43478